[Event "World ol U16"]
[Site "Eindhoven"]
[Date "2023.08.14"]
[Round "3.3"]
[White "Jiang, Kate Yuhua"]
[Black "Verheij, Dana"]
[Result "0-1"]
[WhiteElo "1770"]
[BlackElo "1829"]
[PlyCount "92"]
[EventDate "2023.08.13"]
[EventType "team-swiss"]
[EventRounds "9"]
[EventCountry "NED"]
[SourceTitle "CBM 215 Extra"]
[Source "ChessBase"]
[SourceDate "2023.09.30"]
[SourceVersion "1"]
[SourceVersionDate "2023.09.30"]
[SourceQuality "1"]
[WhiteTeam "Canada"]
[BlackTeam "Netherlands"]
[WhiteTeamCountry "CAN"]
[BlackTeamCountry "NED"]

1. e4 c5 2. c3 Nf6 3. e5 Nd5 4. Nf3 d6 5. exd6 e6 6. g3 Bxd6 7. Bg2 Nc6 8. 0-0 0-0 9. d4 cxd4 10. Nxd4 Nxd4 11. Qxd4 Qc7 12. Re1 Bd7 13. c4 Nf6 14. Nc3 Rfd8 15. Bg5 Be7 16. Bf4 Qc8 17. Qe5 Bc6 18. b3 Bxg2 19. Kxg2 Qc6+ 20. f3 Bc5 21. Be3 Bb4 22. Rac1 Rd3 23. Re2 Nd7 24. Qe4 Rxc3 25. Rxc3 Bxc3 26. Qd3 Bf6 27. Bf4 Rd8 28. Qe3 e5 29. Bg5 Bxg5 30. Qxg5 Qf6 31. Qe3 b6 32. b4 h6 33. Qe4 Nf8 34. c5 Ne6 35. cxb6 axb6 36. Rf2 Rd4 37. Qa8+ Kh7 38. a3 Nc7 39. Qb7 Nd5 40. h3 Ne3+ 41. Kh2 Nc4 42. a4 Qf5 43. Qc6 Qe6 44. Qa8 Qd5 45. Qc8 Rd2 46. Rxd2 Qxd2+ 0-1

[Event "NED-ch U16 Girls"]
[Site "Almelo"]
[Date "2023.05.06"]
[Round "7"]
[White "Verheij, Dana"]
[Black "Oostinga, Elisa"]
[Result "1/2-1/2"]
[WhiteElo "1846"]
[BlackElo "1034"]
[PlyCount "142"]
[EventDate "2023.04.30"]
[EventType "swiss"]
[EventRounds "7"]
[EventCountry "NED"]
[SourceTitle "CBM 214 Extra"]
[Source "ChessBase"]
[SourceDate "2023.07.31"]
[SourceVersion "1"]
[SourceVersionDate "2023.07.31"]
[SourceQuality "1"]

1. e4 c6 2. d4 d5 3. exd5 cxd5 4. Nf3 Nc6 5. Ne5 a6 6. c3 Bf5 7. Be3 e6 8. Nd2 Nxe5 9. dxe5 Qc7 10. f4 Bc5 11. Qa4+ Kf8 12. Bd4 Ne7 13. Be2 Rc8 14. 0-0 Qb6 15. Nb3 Bc2 16. Nxc5 Bxa4 17. Nd7+ Bxd7 18. Bxb6 h5 19. a4 f6 20. exf6 gxf6 21. Bd4 Kf7 22. Rf3 Nf5 23. Bf2 Rcg8 24. Bd3 Bc6 25. Bxf5 exf5 26. Bd4 Re8 27. Kf2 Re4 28. g3 h4 29. Kg2 hxg3 30. hxg3 Re2+ 31. Rf2 Rxf2+ 32. Kxf2 Rh2+ 33. Kf3 Rxb2 34. Rh1 Kg7 35. a5 Ra2 36. Re1 Kf7 37. Rh1 Rxa5 38. Rh6 Bd7 39. Rxf6+ Ke7 40. Rh6 Rb5 41. Rh8 a5 42. Ra8 Kd6 43. Ke3 Kc6 44. Be5 Rc5 45. Bd4 Rb5 46. Kd3 Kd6 47. Kc2 Kc6 48. Ra7 Kc7 49. Be5+ Kc6 50. Bf6 Rc5 51. Bd8 Rc4 52. Bxa5 Ra4 53. Kb3 Re4 54. Ra8 d4 55. cxd4 Rxd4 56. Rh8 Rd3+ 57. Kc4 Rd6 58. Bc3 Rg6 59. Be1 Re6 60. Bf2 Re2 61. Bd4 Re4 62. Kc3 Re6 63. Rg8 Rh6 64. Rg7 Re6 65. Rg5 Rh6 66. Rg7 Re6 67. Be5 Rh6 68. Kb4 Re6 69. Rf7 Rg6 70. Rh7 Re6 71. Rg7 Kd5 1/2-1/2

[Event "NED-ch U16 Girls"]
[Site "Almelo"]
[Date "2023.05.05"]
[Round "6"]
[White "Feng, Elysia"]
[Black "Verheij, Dana"]
[Result "1-0"]
[WhiteElo "1697"]
[BlackElo "1846"]
[PlyCount "103"]
[EventDate "2023.04.30"]
[EventType "swiss"]
[EventRounds "7"]
[EventCountry "NED"]
[SourceTitle "CBM 214 Extra"]
[Source "ChessBase"]
[SourceDate "2023.07.31"]
[SourceVersion "1"]
[SourceVersionDate "2023.07.31"]
[SourceQuality "1"]

1. e4 c5 2. Nf3 d6 3. d4 cxd4 4. Nxd4 Nf6 5. Nc3 a6 6. Be3 e5 7. Nb3 Be7 8. f3 Be6 9. Qd2 h5 10. 0-0-0 Nbd7 11. Kb1 Rc8 12. h3 h4 13. Bd3 b5 14. Rhe1 Nb6 15. Bxb6 Qxb6 16. f4 exf4 17. Qxf4 Kf8 18. Nd5 Nxd5 19. exd5 Bxd5 20. Bg6 Rh6 21. Rxd5 Rxg6 22. Rh5 Rh6 23. Rxh6 gxh6 24. Qxh6+ Ke8 25. Qh8+ Kd7 26. Rxe7+ Kxe7 27. Qxc8 Qg1+ 28. Nc1 Qxg2 29. Qf5 Qg3 30. Qd3 Qe1 31. Qe2+ Qxe2 32. Nxe2 Ke6 33. Nf4+ Kf5 34. Ng2 Kg5 35. Kc1 f5 36. Kd2 a5 37. Ke3 b4 38. Kf3 d5 39. Ne3 d4 40. Nc4 a4 41. Nb6 b3 42. axb3 axb3 43. cxb3 Kf6 44. Nc4 Ke6 45. b4 Kd5 46. b5 Kxc4 47. b6 d3 48. b7 Kb3 49. b8Q+ Kc2 50. Qc7+ Kd2 51. Qc3+ Kd1 52. Qxd3+ 1-0

[Event "BEL-chT 2223"]
[Site "Belgium"]
[Date "2023.03.19"]
[Round "9.5"]
[White "Verheij, Dana"]
[Black "Lafosse, Jimmy"]
[Result "0-1"]
[WhiteElo "1884"]
[BlackElo "2214"]
[PlyCount "124"]
[EventDate "2022.09.25"]
[EventType "team-tourn"]
[EventRounds "11"]
[EventCountry "BEL"]
[SourceTitle "CBM 213 Extra"]
[Source "ChessBase"]
[SourceDate "2023.05.31"]
[SourceVersion "1"]
[SourceVersionDate "2023.05.31"]
[SourceQuality "1"]
[WhiteTeam "Brasschaat"]
[BlackTeam "Tal"]
[WhiteTeamCountry "BEL"]
[BlackTeamCountry "BEL"]

1. e4 e6 2. Nf3 d5 3. e5 c5 4. b4 c4 5. c3 a5 6. b5 Nd7 7. d3 cxd3 8. Bxd3 Nc5 9. Bc2 Ne7 10. a4 Ng6 11. h4 Qc7 12. 0-0 Nxe5 13. Nxe5 Qxe5 14. Re1 Ne4 15. Be3 Be7 16. Bd4 Qf4 17. Bxe4 dxe4 18. g3 Qf5 19. Nd2 e5 20. Be3 0-0 21. Qc2 Bxh4 22. Qxe4 Bf6 23. Bc5 Rd8 24. Nc4 Qxe4 25. Rxe4 Bf5 26. Re3 Rac8 27. Nxa5 Rd7 28. Bb4 e4 29. Nb3 Rc4 30. Rc1 Bg5 31. f4 Bf6 32. a5 h5 33. a6 bxa6 34. bxa6 Ra7 35. Nd2 Rc6 36. Ra1 Bd8 37. Kf1 Bb6 38. Ree1 e3 39. Nb3 Bd3+ 40. Kg2 Rxa6 41. Rxa6 Bxa6 42. Nd4 Rc4 43. Nf5 Re4 44. Ne7+ Kh7 45. Rh1 g6 46. Nd5 Rxb4 47. cxb4 Bb7 48. Rc1 Bxd5+ 49. Kf1 Bf3 50. Ke1 h4 51. gxh4 Bd8 52. Rc2 Bxh4+ 53. Kf1 e2+ 54. Rxe2 Bxe2+ 55. Kxe2 Be7 56. b5 Bc5 57. Kf3 f5 58. Kg3 Kh6 59. Kh4 Bf2+ 60. Kh3 Kh5 61. Kh2 Kg4 62. Kg2 Bb6 0-1

[Event "Vlissingen HZ op 24th"]
[Site "Vlissingen"]
[Date "2022.08.10"]
[Round "6"]
[White "Verheij, Dana"]
[Black "Manshanden, Nick"]
[Result "1/2-1/2"]
[WhiteElo "1850"]
[BlackElo "2065"]
[PlyCount "121"]
[EventDate "2022.08.06"]
[EventType "swiss"]
[EventRounds "9"]
[EventCountry "NED"]
[SourceTitle "CBM 209 Extra"]
[Source "ChessBase"]
[SourceDate "2022.09.30"]
[SourceVersion "1"]
[SourceVersionDate "2022.09.30"]
[SourceQuality "1"]

1. e4 e5 2. Nf3 Nc6 3. d4 exd4 4. Nxd4 Nf6 5. Nc3 Bb4 6. Nxc6 bxc6 7. Bd3 d5 8. e5 d4 9. a3 dxc3 10. axb4 Qd4 11. 0-0 cxb2 12. Bxb2 Qxb2 13. exf6 Qxf6 14. Re1+ Be6 15. Qh5 g5 16. Be4 Kf8 17. Bxc6 Rd8 18. Qe2 a6 19. Rxa6 Qc3 20. b5 Rd2 21. Qf3 Qxf3 22. Bxf3 Rxc2 23. h3 Kg7 24. Rc6 Rxc6 25. Bxc6 Kf6 26. Rd1 Ke7 27. Kh2 Rd8 28. Rc1 Rd4 29. f3 Kd6 30. Be8 h5 31. Bc6 h4 32. Ra1 Bd7 33. Ra6 Kc5 34. Ra5 Rd6 35. Bxd7 Rxd7 36. b6+ Kxb6 37. Rxg5 c5 38. Rg4 Rd4 39. Rg8 c4 40. Rc8 Kb5 41. Kg1 Kb4 42. Kf2 c3 43. Rb8+ Kc4 44. Ke3 Rd5 45. Ke2 c2 46. Rc8+ Rc5 47. Rxc5+ Kxc5 48. Kd2 Kd4 49. Kxc2 Ke3 50. Kd1 Kf2 51. f4 Kxg2 52. Ke2 f5 53. Ke3 Kg3 54. Ke2 Kxf4 55. Kf2 Ke4 56. Ke2 f4 57. Kf2 f3 58. Kf1 Ke5 59. Kg1 Kd5 60. Kf2 Ke4 61. Kf1 1/2-1/2

[Event "NED-ch U16/18 Girls"]
[Site "Almelo"]
[Date "2022.05.03"]
[Round "3"]
[White "Verheij, Dana"]
[Black "De Zoeten, Cato"]
[Result "1-0"]
[WhiteElo "1828"]
[BlackElo "1915"]
[PlyCount "63"]
[EventDate "2022.05.01"]
[EventType "swiss"]
[EventRounds "9"]
[EventCountry "NED"]
[SourceTitle "EXT 2023"]
[Source "ChessBase"]
[SourceDate "2022.10.05"]
[SourceVersion "1"]
[SourceVersionDate "2022.10.05"]
[SourceQuality "1"]

1. e4 c5 2. c3 Nf6 3. e5 Nd5 4. Nf3 d6 5. exd6 e6 6. g3 Bxd6 7. Bg2 0-0 8. 0-0 b6 9. c4 Ne7 10. Ne5 Bxe5 11. Bxa8 Nbc6 12. Bxc6 Nxc6 13. Nc3 Bb7 14. Re1 Qf6 15. Ne4 Qg6 16. d3 Rd8 17. a3 f5 18. Ng5 h6 19. Nf3 Bb8 20. Qe2 e5 21. Bd2 f4 22. Bc3 fxg3 23. fxg3 Rxd3 24. Bxe5 Rxf3 25. Qxf3 Bxe5 26. Rxe5 Nxe5 27. Qxb7 Qd6 28. Qd5+ Qxd5 29. cxd5 Nf3+ 30. Kg2 Nd4 31. Re1 Kf7 32. d6 1-0

[Event "NED-ch U16/18 Girls"]
[Site "Almelo"]
[Date "2022.05.01"]
[Round "1"]
[White "Verheij, Dana"]
[Black "Tangarife Ramirez, Katja"]
[Result "1-0"]
[WhiteElo "1828"]
[BlackElo "1623"]
[PlyCount "53"]
[EventDate "2022.05.01"]
[EventType "swiss"]
[EventRounds "9"]
[EventCountry "NED"]
[SourceTitle "EXT 2023"]
[Source "ChessBase"]
[SourceDate "2022.10.05"]
[SourceVersion "1"]
[SourceVersionDate "2022.10.05"]
[SourceQuality "1"]

1. e4 e5 2. Nf3 Nf6 3. Nxe5 d6 4. Nf3 Nxe4 5. d4 d5 6. c4 c6 7. Nc3 Nxc3 8. bxc3 Nd7 9. cxd5 cxd5 10. Bb5 a6 11. Bd3 Bd6 12. 0-0 0-0 13. Re1 Nf6 14. Bg5 Bg4 15. Re3 Be7 16. Qb3 b5 17. Ne5 Be6 18. Nc6 Qd7 19. Nxe7+ Qxe7 20. f4 Qd8 21. f5 Bc8 22. Bxf6 gxf6 23. Rae1 Bb7 24. Qd1 Kh8 25. Qh5 Rg8 26. Qxf7 Bc6 27. Re7 1-0

[Event "NED-ch U14"]
[Site "Almelo"]
[Date "2021.08.02"]
[Round "2"]
[White "Ekker, Joshua"]
[Black "Verheij, Dana"]
[Result "1-0"]
[WhiteElo "1695"]
[BlackElo "1931"]
[PlyCount "73"]
[EventDate "2021.08.01"]
[EventType "swiss"]
[EventRounds "9"]
[EventCountry "NED"]
[SourceTitle "EXT 2022"]
[Source "ChessBase"]
[SourceDate "2021.10.06"]
[SourceVersion "1"]
[SourceVersionDate "2021.10.06"]
[SourceQuality "1"]

1. e4 c5 2. Nf3 d6 3. d4 cxd4 4. Nxd4 Nf6 5. Nc3 a6 6. Be3 e5 7. Nb3 Be7 8. f3 Be6 9. g4 Nbd7 10. Qd2 0-0 11. 0-0-0 b5 12. g5 Nh5 13. h4 Qc7 14. Nd5 Bxd5 15. exd5 Rfc8 16. Bh3 a5 17. Kb1 Bd8 18. Rhg1 a4 19. Nc1 a3 20. b3 Rcb8 21. Nd3 Nb6 22. Nb4 Nf4 23. Bxf4 exf4 24. Nc6 Nc4 25. Qxf4 Ne5 26. Nxb8 Rxb8 27. Qe3 Qa5 28. f4 Bb6 29. Qe1 b4 30. fxe5 Bxg1 31. Qxg1 Qc7 32. Qe3 dxe5 33. d6 Qa5 34. d7 Rd8 35. Re1 f6 36. gxf6 gxf6 37. Rg1+ 1-0

[Event "Wch FIDE Online U14 Girls Europe qual"]
[Site "Tornelo INT"]
[Date "2020.12.09"]
[Round "7"]
[White "Verheij, Dana"]
[Black "Stagno, Milena"]
[Result "1-0"]
[WhiteElo "1821"]
[BlackElo "1371"]
[PlyCount "47"]
[EventDate "2020.12.07"]
[EventType "swiss (rapid)"]
[EventRounds "7"]
[EventCountry "ISS"]
[SourceTitle "EXT 2022"]
[Source "ChessBase"]
[SourceDate "2021.10.06"]
[SourceVersion "1"]
[SourceVersionDate "2021.10.06"]
[SourceQuality "1"]

1. e4 c5 2. Nf3 Nc6 3. d4 cxd4 4. Nxd4 g6 5. Nc3 Bg7 6. Be3 Nf6 7. f3 0-0 8. Qd2 d6 9. 0-0-0 Bd7 10. Kb1 a6 11. g4 Ne5 12. h4 h5 13. gxh5 Nxh5 14. Be2 b5 15. Rdg1 Nc4 16. Bxc4 bxc4 17. f4 e6 18. f5 exf5 19. exf5 Bxd4 20. Bxd4 Bxf5 21. Qh6 f6 22. Qxh5 Kf7 23. Qh7+ Ke8 24. Re1+ 1-0

[Event "Wch FIDE Online U14 Girls Europe qual"]
[Site "Tornelo INT"]
[Date "2020.12.07"]
[Round "2"]
[White "Mikheeva, Galina"]
[Black "Verheij, Dana"]
[Result "1-0"]
[WhiteElo "1731"]
[BlackElo "1821"]
[PlyCount "37"]
[EventDate "2020.12.07"]
[EventType "swiss (rapid)"]
[EventRounds "7"]
[EventCountry "ISS"]
[SourceTitle "EXT 2022"]
[Source "ChessBase"]
[SourceDate "2021.10.06"]
[SourceVersion "1"]
[SourceVersionDate "2021.10.06"]
[SourceQuality "1"]

1. e4 c5 2. Nc3 Nc6 3. g3 g6 4. Bg2 Bg7 5. d3 e6 6. Be3 b6 7. Qd2 Nge7 8. Bh6 0-0 9. h4 d5 10. h5 f5 11. hxg6 Nxg6 12. exd5 Bxh6 13. Qxh6 Qe7 14. dxc6 Ba6 15. 0-0-0 Rac8 16. Re1 Rf6 17. Nd5 Qf7 18. Nxf6+ Kh8 19. Qxh7+ 1-0

[Event "EU-ch Online U14 Girls"]
[Site "Tornelo INT"]
[Date "2020.09.20"]
[Round "7"]
[White "Beyeler, Lilo"]
[Black "Verheij, Dana"]
[Result "0-1"]
[WhiteElo "1522"]
[BlackElo "1821"]
[PlyCount "124"]
[EventDate "2020.09.18"]
[EventType "swiss (rapid)"]
[EventRounds "9"]
[EventCountry "NET"]
[SourceTitle "EXT 2023"]
[Source "ChessBase"]
[SourceDate "2022.10.05"]
[SourceVersion "1"]
[SourceVersionDate "2022.10.05"]
[SourceQuality "1"]
[WhiteTeam "Schweiz"]
[BlackTeam "Netherlands"]
[WhiteTeamCountry "SUI"]
[BlackTeamCountry "NED"]

1. e4 c5 2. Nf3 d6 3. d4 cxd4 4. Nxd4 Nf6 5. Nc3 a6 6. Be3 e5 7. Nf3 Be7 8. Bc4 0-0 9. 0-0 b5 10. Bb3 Bb7 11. Nd5 Nxd5 12. Bxd5 Bxd5 13. Qxd5 Nd7 14. b3 Rc8 15. Rac1 Qc7 16. h3 Rfd8 17. Bg5 Nf6 18. Qd3 d5 19. exd5 e4 20. Qe3 exf3 21. Qxf3 Nxd5 22. Bxe7 Nxe7 23. c4 Qc6 24. Qxc6 Rxc6 25. Rfe1 Ng6 26. Kh2 bxc4 27. Rxc4 Rxc4 28. bxc4 h6 29. Rc1 Rc8 30. Kg3 Ne5 31. Re1 Nxc4 32. Rc1 Nd6 33. Rxc8+ Nxc8 34. Kf4 Kf8 35. g4 Ke7 36. Ke5 Nd6 37. f4 f6+ 38. Kd5 Kd7 39. h4 f5 40. g5 hxg5 41. hxg5 Ne4 42. a3 Nxg5 43. fxg5 g6 44. Ke5 Kc6 45. Kd4 Kd6 46. a4 a5 47. Kc4 Ke5 48. Kb5 f4 49. Kxa5 f3 50. Kb6 f2 51. a5 f1Q 52. a6 Qb1+ 53. Kc5 Qc2+ 54. Kb4 Qb2+ 55. Kc4 Qb6 56. Kd3 Qxa6+ 57. Kc3 Ke4 58. Kd2 Qd3+ 59. Kc1 Qe2 60. Kb1 Kd3 61. Ka1 Kc3 62. Kb1 Qb2# 0-1

[Event "EU-ch Online U14 Girls"]
[Site "Tornelo INT"]
[Date "2020.09.19"]
[Round "6"]
[White "Verheij, Dana"]
[Black "Ratama, Sofie Kristine"]
[Result "1-0"]
[WhiteElo "1821"]
[BlackElo "1338"]
[PlyCount "99"]
[EventDate "2020.09.18"]
[EventType "swiss (rapid)"]
[EventRounds "9"]
[EventCountry "NET"]
[SourceTitle "EXT 2023"]
[Source "ChessBase"]
[SourceDate "2022.10.05"]
[SourceVersion "1"]
[SourceVersionDate "2022.10.05"]
[SourceQuality "1"]
[WhiteTeam "Netherlands"]
[BlackTeam "Norway"]
[WhiteTeamCountry "NED"]
[BlackTeamCountry "NOR"]

1. e4 d5 2. exd5 Qxd5 3. Nc3 Qa5 4. Nf3 Nf6 5. d4 c6 6. Bc4 Bg4 7. Bd2 Qc7 8. 0-0 e6 9. Re1 Be7 10. Qe2 Nbd7 11. Rad1 h6 12. h3 Bh5 13. d5 cxd5 14. Nxd5 Nxd5 15. Bxd5 Nb6 16. Qb5+ Qd7 17. Qxd7+ Nxd7 18. Bxb7 Rb8 19. Bc6 Rc8 20. Ba4 Bf6 21. Ba5 0-0 22. Rxd7 Bxb2 23. Ne5 Ba3 24. g4 Bg6 25. Nxg6 fxg6 26. Rxe6 Bc5 27. Rxg6 Rxf2 28. Rgxg7+ Kf8 29. Kh1 Re8 30. Rdf7+ Rxf7 31. Rxf7+ Kxf7 32. Bxe8+ Kxe8 33. Kg2 Kf7 34. Kf3 Ke6 35. Ke4 Bf2 36. Bd2 Kd6 37. Bxh6 Kc5 38. Be3+ Bxe3 39. Kxe3 Kd6 40. h4 Ke7 41. h5 Kf7 42. g5 Kg7 43. Kf4 a5 44. Kf5 a4 45. h6+ Kh8 46. g6 a3 47. Kf6 Kg8 48. g7 Kh7 49. Kf7 Kxh6 50. g8Q 1-0

[Event "EU-ch Online U14 Girls"]
[Site "Tornelo INT"]
[Date "2020.09.18"]
[Round "2"]
[White "Verheij, Dana"]
[Black "Zetocha, Adela"]
[Result "1/2-1/2"]
[WhiteElo "1821"]
[BlackElo "1318"]
[PlyCount "138"]
[EventDate "2020.09.18"]
[EventType "swiss (rapid)"]
[EventRounds "9"]
[EventCountry "NET"]
[SourceTitle "EXT 2023"]
[Source "ChessBase"]
[SourceDate "2022.10.05"]
[SourceVersion "1"]
[SourceVersionDate "2022.10.05"]
[SourceQuality "1"]
[WhiteTeam "Netherlands"]
[BlackTeam "Slovakia"]
[WhiteTeamCountry "NED"]
[BlackTeamCountry "SVK"]

1. e4 e5 2. Nf3 Nc6 3. Bc4 Nf6 4. d4 exd4 5. e5 d5 6. Bb5 Ne4 7. Nxd4 Bd7 8. Bxc6 bxc6 9. e6 fxe6 10. Qh5+ g6 11. Qe5 Qf6 12. Bf4 Bd6 13. Qxf6 Nxf6 14. Bxd6 cxd6 15. Nc3 e5 16. Nb3 0-0 17. 0-0-0 d4 18. Ne2 Ne4 19. f3 Nf2 20. c3 Nxh1 21. Rxh1 dxc3 22. Nxc3 Bf5 23. Rd1 Rfd8 24. Na5 Rac8 25. Nb7 Rd7 26. Nxd6 Rcd8 27. Nxf5 Rxd1+ 28. Nxd1 gxf5 29. Ne3 Rf8 30. h4 h5 31. a3 Kg7 32. Kd2 Kg6 33. Nc4 Rd8+ 34. Ke3 Kf6 35. Na5 c5 36. Nc4 Rd4 37. b3 Rf4 38. g3 Rd4 39. f4 exf4+ 40. gxf4 Rd1 41. Nd2 Ra1 42. a4 Ra3 43. Ke2 Ke6 44. Kd3 Kd5 45. Kc3 Ra1 46. Kd3 Rh1 47. Nf3 Rh3 48. Ke2 Ke4 49. Ng5+ Kxf4 50. Nxh3+ Kg4 51. Nf2+ Kg3 52. Ke3 f4+ 53. Ke2 Kxh4 54. Kf3 Kg5 55. Nh3+ Kf5 56. Nxf4 h4 57. Nh3 Ke5 58. Nf4 Kd4 59. Ne6+ Kd5 60. Nf4+ Kd4 61. Ne6+ Kd5 62. Nc7+ Kd4 63. Nb5+ Kd5 64. Nxa7 c4 65. bxc4+ Kxc4 66. Nc6 Kc5 67. Ne5 Kb4 68. Kg4 Kxa4 69. Kxh4 Kb4 1/2-1/2

[Event "EU-ch U12 Girls"]
[Site "Bratislava"]
[Date "2019.08.10"]
[Round "9"]
[White "Shvedova, Alexandra"]
[Black "Verheij, Dana"]
[Result "1-0"]
[WhiteElo "1932"]
[BlackElo "1527"]
[PlyCount "101"]
[EventDate "2019.08.02"]
[EventType "swiss"]
[EventRounds "9"]
[EventCountry "SVK"]
[SourceTitle "EXT 2020"]
[Source "ChessBase"]
[SourceDate "2019.10.17"]
[SourceVersion "1"]
[SourceVersionDate "2019.10.17"]
[SourceQuality "1"]

1. e4 c5 2. Ne2 d6 3. g3 Nc6 4. Bg2 g6 5. c3 Bg7 6. d4 cxd4 7. cxd4 e6 8. Nbc3 Nge7 9. 0-0 0-0 10. Be3 f5 11. f3 Kh8 12. Rc1 a6 13. d5 Ne5 14. Na4 b5 15. Nb6 Rb8 16. Nxc8 Rxc8 17. Nf4 exd5 18. Ne6 Qd7 19. Nxf8 Rxf8 20. exd5 Nc4 21. Bd4 Qb7 22. f4 Kg8 23. Bxg7 Kxg7 24. Qd4+ Kg8 25. Rfe1 Nc8 26. b3 Qb6 27. Qxb6 N4xb6 28. Rc6 h6 29. Rec1 g5 30. a4 bxa4 31. bxa4 a5 32. Bf1 Nxa4 33. Rxc8 Nc5 34. Rxf8+ Kxf8 35. Bb5 Kf7 36. Re1 gxf4 37. gxf4 Ne4 38. Rxe4 fxe4 39. Kf2 Kf6 40. Ke3 Kf5 41. Bd7+ Kf6 42. Kxe4 h5 43. h4 Ke7 44. Ba4 Kf6 45. Be8 Ke7 46. Bxh5 a4 47. Bd1 a3 48. Bb3 Kf6 49. h5 Ke7 50. Kf5 Kf7 51. Ba2 1-0

[Event "EU-ch U12 Girls"]
[Site "Bratislava"]
[Date "2019.08.07"]
[Round "6"]
[White "Karaivanova, Petya F"]
[Black "Verheij, Dana"]
[Result "1-0"]
[WhiteElo "1756"]
[BlackElo "1527"]
[PlyCount "83"]
[EventDate "2019.08.02"]
[EventType "swiss"]
[EventRounds "9"]
[EventCountry "SVK"]
[SourceTitle "EXT 2020"]
[Source "ChessBase"]
[SourceDate "2019.10.17"]
[SourceVersion "1"]
[SourceVersionDate "2019.10.17"]
[SourceQuality "1"]

1. e4 c5 2. Nf3 d6 3. d4 cxd4 4. Nxd4 Nf6 5. Nc3 a6 6. Be3 e5 7. Nb3 Be6 8. f3 Be7 9. Qd2 0-0 10. g4 Nbd7 11. h4 b5 12. h5 b4 13. Nd5 Bxd5 14. exd5 Nb6 15. Bxb6 Qxb6 16. g5 Nd7 17. Bh3 Nc5 18. Bf5 a5 19. Nxc5 dxc5 20. g6 c4 21. c3 h6 22. gxf7+ Kh8 23. Be6 bxc3 24. bxc3 Bg5 25. Qf2 Be3 26. Qe2 Rab8 27. Rd1 Bf4 28. Qf2 Qd6 29. 0-0 Qa3 30. Rb1 Qxc3 31. Rxb8 Rxb8 32. Re1 Qd4 33. Qxd4 exd4 34. Bc8 Bd6 35. Re8+ Kh7 36. Bf5+ g6 37. hxg6+ Kg7 38. f8Q+ Bxf8 39. Rxb8 d3 40. Rb7+ Kf6 41. Rf7+ Ke5 42. Rxf8 1-0

[Event "EU-ch U12 Girls"]
[Site "Bratislava"]
[Date "2019.08.04"]
[Round "3"]
[White "Huang, Wendy"]
[Black "Verheij, Dana"]
[Result "0-1"]
[WhiteElo "1784"]
[BlackElo "1527"]
[PlyCount "60"]
[EventDate "2019.08.02"]
[EventType "swiss"]
[EventRounds "9"]
[EventCountry "SVK"]
[SourceTitle "EXT 2020"]
[Source "ChessBase"]
[SourceDate "2019.10.17"]
[SourceVersion "1"]
[SourceVersionDate "2019.10.17"]
[SourceQuality "1"]

1. e4 c5 2. Nf3 d6 3. d4 cxd4 4. Nxd4 Nf6 5. Nc3 a6 6. Be2 e5 7. Nb3 Be6 8. 0-0 Be7 9. f4 exf4 10. Bxf4 Nc6 11. Bf3 Qc7 12. Kh1 0-0 13. Nd4 Rad8 14. Rc1 Ne5 15. Nd5 Bxd5 16. exd5 Qc4 17. b3 Qc3 18. Nf5 Rfe8 19. Bd2 Qc5 20. Be3 Qc8 21. Nxe7+ Rxe7 22. Bg5 Qf5 23. Qd2 Qg6 24. h4 h6 25. Bf4 Nxf3 26. Rxf3 Rde8 27. Rg3 Qh5 28. Bxh6 Qxh4+ 29. Rh3 Re1+ 30. Rxe1 Rxe1+ 0-1

[Event "EU-ch U12 Girls"]
[Site "Bratislava"]
[Date "2019.08.02"]
[Round "1"]
[White "Davitkova, Jovana"]
[Black "Verheij, Dana"]
[Result "0-1"]
[WhiteElo "1137"]
[BlackElo "1527"]
[PlyCount "120"]
[EventDate "2019.08.02"]
[EventType "swiss"]
[EventRounds "9"]
[EventCountry "SVK"]
[SourceTitle "EXT 2020"]
[Source "ChessBase"]
[SourceDate "2019.10.17"]
[SourceVersion "1"]
[SourceVersionDate "2019.10.17"]
[SourceQuality "1"]

1. e4 c5 2. Nf3 d6 3. d4 cxd4 4. Nxd4 Nf6 5. f3 a6 6. c4 e5 7. Nc2 Be6 8. Nc3 Be7 9. Be2 0-0 10. 0-0 Nbd7 11. Be3 Qc7 12. b3 b5 13. Nd5 Bxd5 14. cxd5 Rfc8 15. Rc1 Qa5 16. a3 Qc3 17. Qd3 Qxd3 18. Bxd3 Nc5 19. Bxc5 dxc5 20. a4 c4 21. bxc4 bxc4 22. Be2 Nd7 23. Ne3 Bc5 24. Kf2 Rab8 25. Rb1 Rb3 26. Rxb3 cxb3 27. Bxa6 Rb8 28. Bb5 Nb6 29. Rb1 f5 30. Ke2 f4 31. Ng4 Bd4 32. Rxb3 Rc8 33. Rd3 h5 34. Nxe5 Bxe5 35. a5 Nc4 36. Bxc4 Rxc4 37. d6 Rc8 38. a6 Bf6 39. a7 Kf7 40. d7 Ra8 41. e5 Bd8 42. Rd6 Rxa7 43. g3 Ra2+ 44. Rd2 Rxd2+ 45. Kxd2 Ke6 46. gxf4 Kxd7 47. Kd3 Ke6 48. Ke4 g6 49. h3 Be7 50. Kd4 Kf5 51. Ke3 Bc5+ 52. Kd3 Kxf4 53. e6 Kxf3 54. Kc4 Bf8 55. Kd5 g5 56. Ke5 g4 57. hxg4 hxg4 58. Kf6 g3 59. Kf7 Ba3 60. e7 Bxe7 0-1

[Event "Paris ChessMates 3rd"]
[Site "Paris"]
[Date "2019.03.29"]
[Round "2.2"]
[White "Verheij, Dana"]
[Black "Khmil, Fedor"]
[Result "1-0"]
[WhiteElo "1377"]
[BlackElo "1321"]
[PlyCount "97"]
[EventDate "2019.03.29"]
[EventType "team-tourn"]
[EventRounds "5"]
[EventCountry "FRA"]
[SourceTitle "CBM 189 Extra"]
[Source "ChessBase"]
[SourceDate "2019.06.03"]
[SourceVersion "1"]
[SourceVersionDate "2019.06.03"]
[SourceQuality "1"]
[WhiteTeam "Rotterdam Pathena"]
[BlackTeam "Murmansk Region"]
[WhiteTeamCountry "NED"]
[BlackTeamCountry "RUS"]

1. e4 d5 2. exd5 Nf6 3. Nf3 Nxd5 4. d4 g6 5. c4 Nb6 6. Nc3 c6 7. Bd3 Bg7 8. Be3 Be6 9. Qe2 0-0 10. 0-0 N8d7 11. Ng5 Rc8 12. Nxe6 fxe6 13. Qg4 e5 14. c5 Na8 15. Rad1 Qc7 16. d5 Nf6 17. Qe6+ Kh8 18. d6 exd6 19. cxd6 Qd7 20. Bc4 Qxe6 21. Bxe6 Rce8 22. d7 Rd8 23. Bc5 Nc7 24. Bxf8 Bxf8 25. Bh3 Bb4 26. Rfe1 e4 27. Re3 Bxc3 28. Rxc3 Ncd5 29. Rb3 b6 30. Be6 Nf4 31. Rd6 Nxe6 32. Rxe6 Rxd7 33. Kf1 Nd5 34. Rxe4 Nf6 35. Re6 Nd5 36. Rxc6 Nf4 37. Re3 Rd2 38. Rc7 Rd1+ 39. Re1 Rxe1+ 40. Kxe1 Nxg2+ 41. Kd2 Nh4 42. Rxa7 Nf3+ 43. Ke3 Nxh2 44. Rb7 Ng4+ 45. Ke2 h5 46. Rxb6 Kg7 47. a4 h4 48. Rb4 Ne5 49. Rxh4 1-0